ბათუმის შოთა რუსთაველის სახელმწიფო უნივერსიტეტის ბიბლიოთეკა

საერთაშორისო ტურიზმი / (ბიბ.ჩანაწერი № 36729)

000 -ლიდერი
ფიქსირებული სიგრძის საკონტროლო ველი 00846nam a2200217Ia 4500
001 - საკონტროლო ნომერი
საკონტროლო ველი 2663
003 - საკონტროლო ნომრის იდენტიფიკატორი
საკონტროლო ველი GE_BSU
005 - ბოლო ოპერაციის თარიღი და დრო
საკონტროლო ველი 20190603182213.0
008 - ფიქსირებული სიგრძის მონაცემთა ელემენტები - ზოგადი ინფორმაცია
ფიქსირებული სიგრძის საკონტროლო ველი 181216s2012||||ge |||||||||||||| ||geo||
040 ## - კატალოგიზაციის წყარო
Transcribing agency GE_BSU
041 ## - ენის კოდი
Language code of text/sound track or separate title geo
080 ## - უნივერსალური ათობითი კლასიფიკაციის ინდექსი
Universal Decimal Classification number 338.48(075.8) ქ–16
100 ## - მთავარი ჩანაწერი - პიროვნების სახელი
Personal name ქათამაძე, დავით
9 (RLIN) 2027
245 ## - ცნობა სათაურის შესახებ
Title საერთაშორისო ტურიზმი /
Statement of responsibility, etc დავით ქათამაძე, გულიკო ქათამაძე; რედ. როსტომ ბერიძე
264 ## - წარმოების, გამოცემის, დისტრიბუციის და სხვა ცნობები
გამოცემის, წარმოების, დისტრიბუციის... ადგილი თბილისი,
გამოცემის, წარმოების, დისტრიბუციის... თარიღი 2012
300 ## - ფიზიკური აღწერა
Extent 790 გვ.
653 ## - INDEX TERM--UNCONTROLLED
Uncontrolled term ტურიზმი
700 ## - ADDED ENTRY--PERSONAL NAME
Personal name ქათამაძე, გულიკო
Relator term ავტორი
9 (RLIN) 2028
700 ## - ADDED ENTRY--PERSONAL NAME
Personal name ბერიძე, როსტომ
Relator term რედაქტორი
9 (RLIN) 1686
942 ## - ADDED ENTRY ELEMENTS (KOHA)
Koha item type წიგნი
Source of classification or shelving scheme
ეგზემპლარები
ჩამოწერის სტატუსი დაკარგული ეგზემპლარის სტატუსი კლასიფიკაციის წყარო ან თაროზე გაწყობის სქემა დაზიანების სტატუსი არ გაიცემა მუდმივი მდებარეობა (დაცვის ადგილი) ამჟამინდელი ადგილსამყოფელი თაროზე განთავსების ადგილი შეძენის თარიღი ღირებულება, შესყიდვის ნორმალური ფასი სრული შენახვის შიფრი შტრიხკოდი ბოლო ოპერაციის თარიღი ეგზემპლარის მიმდევრობითი ნომერი (კეტერი?) ფასის ძალაში შესვლის თარიღი ეგზემპლარის სახეობა საჯარო შენიშვნა
          ბათუმის შოთა რუსთაველის სახელმწიფო უნივერსიტეტის მთავარი ბიბლიოთეკა ბათუმის შოთა რუსთაველის სახელმწიფო უნივერსიტეტის მთავარი ბიბლიოთეკა წიგნსაცავი 2018-12-17 30.00 338.48(075.8) ქ–16 4545 2018-12-17 4545 2018-12-17 წიგნი 30 ლ.
          ბათუმის შოთა რუსთაველის სახელმწიფო უნივერსიტეტის მთავარი ბიბლიოთეკა ბათუმის შოთა რუსთაველის სახელმწიფო უნივერსიტეტის მთავარი ბიბლიოთეკა წიგნსაცავი 2018-12-17   338.48(075.8) ქ–16 4778 2018-12-17 4778 2018-12-17 წიგნი